<?xml version="1.0" encoding="UTF-8"?>
<record
    xmlns:xsi="http://www.w3.org/2001/XMLSchema-instance"
    xsi:schemaLocation="http://www.loc.gov/MARC21/slim http://www.loc.gov/standards/marcxml/schema/MARC21slim.xsd"
    xmlns="http://www.loc.gov/MARC21/slim">

  <leader>00674cam a22002051  4500</leader>
  <controlfield tag="001">ne 64002905 </controlfield>
  <controlfield tag="003">DLC</controlfield>
  <controlfield tag="005">20260227111806.0</controlfield>
  <controlfield tag="008">890209s1960    ua            000 0 ara  </controlfield>
  <datafield tag="010" ind1=" " ind2=" ">
    <subfield code="a">ne 64002905 </subfield>
  </datafield>
  <datafield tag="035" ind1=" " ind2=" ">
    <subfield code="a">(OCoLC)19122300</subfield>
  </datafield>
  <datafield tag="040" ind1=" " ind2=" ">
    <subfield code="a">DLC</subfield>
    <subfield code="c">WaU</subfield>
    <subfield code="d">WaU</subfield>
    <subfield code="d">DLC</subfield>
  </datafield>
  <datafield tag="042" ind1=" " ind2=" ">
    <subfield code="a">premarc</subfield>
  </datafield>
  <datafield tag="050" ind1="0" ind2="0">
    <subfield code="a">PJ6161</subfield>
    <subfield code="b">.A6</subfield>
  </datafield>
  <datafield tag="100" ind1="1" ind2=" ">
    <subfield code="a">&#x2BB;Aqq&#x101;d, &#x2BB;Abb&#x101;s Ma&#x1E25;m&#x16B;d,</subfield>
    <subfield code="d">1889-1964.</subfield>
  </datafield>
  <datafield tag="245" ind1="1" ind2="3">
    <subfield code="a">al-Lughah al-sh&#x101;&#x2BB;irah,</subfield>
    <subfield code="b">maz&#x101;y&#x101; al-fann wa-al-ta&#x2BB;b&#x12B;r f&#x12B; al-lughah al-&#x2BB;Arab&#x12B;yah.</subfield>
    <subfield code="c">Bi-qalam &#x2BB;Abb&#x101;s Ma&#x1E25;m&#x16B;d al-&#x2BB;Aqq&#x101;d.</subfield>
  </datafield>
  <datafield tag="260" ind1=" " ind2=" ">
    <subfield code="a">[al-Q&#x101;hirah]</subfield>
    <subfield code="b">Maktabat al-Angl&#x16B; al-Mi&#x1E63;r&#x12B;yah,</subfield>
    <subfield code="c">1960.</subfield>
  </datafield>
  <datafield tag="300" ind1=" " ind2=" ">
    <subfield code="a">159 p.</subfield>
    <subfield code="c">22 cm.</subfield>
  </datafield>
  <datafield tag="650" ind1=" " ind2="0">
    <subfield code="a">Arabic language</subfield>
    <subfield code="x">Style.</subfield>
  </datafield>
  <datafield tag="999" ind1=" " ind2=" ">
    <subfield code="c">47577</subfield>
    <subfield code="d">47577</subfield>
  </datafield>
</record>
